| Tag |
First Indicator |
Second Indicator |
Subfields |
| LEADER |
00000cam a2200000 a 4500 |
| 001 |
in00002783887 |
| 005 |
20151202171713.0 |
| 008 |
110830s2012 ilu b 001 0 eng |
| 010 |
|
|
|a 2011036191
|
| 020 |
|
|
|a 9781433530036 (hbk.)
|
| 020 |
|
|
|a 1433530031 (hbk.)
|
| 020 |
|
|
|a 9781433530043 (PDF)
|
| 020 |
|
|
|a 143353004X (PDF)
|
| 020 |
|
|
|a 9781433530050 (Mobipocket)
|
| 020 |
|
|
|a 1433530058 (Mobipocket)
|
| 020 |
|
|
|a 9781433530067 (ebk.)
|
| 020 |
|
|
|a 1433530066 (ebk.)
|
| 035 |
|
|
|a (OCoLC)ocn751780739
|
| 040 |
|
|
|a DLC
|b eng
|c DLC
|d IG#
|d BTCTA
|d OQX
|d BDX
|d OCLCO
|d M$K
|d ORX
|d CDX
|d UtOrBLW
|
| 049 |
|
|
|a TXAM
|
| 050 |
0 |
0 |
|a BT751.3
|b .C47 2012
|
| 082 |
0 |
0 |
|a 230
|2 23
|
| 100 |
1 |
|
|a Chandler, Matt,
|d 1974-
|
| 245 |
1 |
4 |
|a The explicit Gospel /
|c Matt Chandler with Jared Wilson.
|
| 264 |
|
1 |
|a Wheaton, Ill. :
|b Crossway,
|c [2012]
|
| 264 |
|
4 |
|c ©2012
|
| 300 |
|
|
|a 237 pages ;
|c 23 cm.
|
| 336 |
|
|
|a text
|b txt
|2 rdacontent
|
| 337 |
|
|
|a unmediated
|b n
|2 rdamedia
|
| 338 |
|
|
|a volume
|b nc
|2 rdacarrier
|
| 504 |
|
|
|a Includes bibliographical references and indexes.
|
| 505 |
0 |
|
|a Pt. 1. The Gospel on the ground. Man ; Christ ; Response -- pt. 2. The Gospel in the air. Creation ; Fall ; Reconciliation ; Consummation -- pt. 3. Implications and applications. Dangers in a Gospel on the ground too long ; Dangers in a Gospel in the air too long ; Moralism and the cross.
|
| 520 |
|
|
|a Even if you go to church, it doesn't mean that you are being exposed (or exposing others) to the gospel explicitly. Sure, most people talk about Jesus, and about being good and avoiding bad, but the gospel message simply isn't there--at least not in its specificity and its fullness. Inspired by the needs of both the overchurched and the unchurched, and bolstered by the common neglect of the explicit gospel within Christianity, popular pastor Matt Chandler writes this punchy treatise to remind us what is of first and utmost importance--the gospel.
|
| 650 |
|
0 |
|a Salvation
|x Christianity.
|
| 650 |
|
0 |
|a Redemption
|x Christianity.
|
| 650 |
|
0 |
|a Salvation
|x Biblical teaching.
|
| 650 |
|
0 |
|a Redemption
|x Biblical teaching.
|
| 650 |
|
0 |
|a Protestant churches
|x Doctrines.
|
| 700 |
1 |
|
|a Wilson, Jared C.,
|d 1975- q.
|
| 948 |
|
|
|a cataloged
|b h
|c 2012/12/13
|d c
|e ceaton
|f 10:57:23 am
|
| 994 |
|
|
|a C0
|b TXA
|
| 999 |
|
|
|a MARS
|
| 999 |
f |
f |
|s aa3f7e2d-6f01-3d76-9368-aa6f6319cc2c
|i 9ef23807-7638-3d31-ac21-a38c6b43f6e1
|t 0
|
| 952 |
f |
f |
|p normal
|a Texas A&M University
|b College Station
|c Sterling C. Evans Library
|d Evans: Library Stacks
|t 0
|e BT751.3 .C47 2012
|h Library of Congress classification
|i unmediated -- volume
|m A14841623597
|
| 998 |
f |
f |
|a BT751.3 .C47 2012
|t 0
|l Evans: Library Stacks
|